[Event "World Blitz"]
[Site "Moscow RUS"]
[Date "2007.11.22"]
[Round "32"]
[White "Dreev,A"]
[Black "Karpov,Ana"]
[Result "0-1"]
[WhiteElo "2607"]
[BlackElo "2670"]

1.d4 Nf6 2.c4 e6 3.Nf3 d5 4.Nc3 Be7 5.Bf4 O-O 6.Qc2 c6 7.e3 Nbd7 8.h3 b6
9.cxd5 cxd5 10.Bd3 Bb7 11.O-O a6 12.a4 h6 13.Rfc1 Nb8 14.Ne5 Nfd7 15.Nxd7 Qxd7
16.Qb3 Qd8 17.a5 b5 18.Na4 Nc6 19.Nc5 Bxc5 20.Rxc5 Nxa5 21.Qc3 Nc4 22.b3 Rc8
23.Rxc8 Qxc8 24.bxc4 dxc4 25.Bc2 Rd8 26.f3 Qd7 27.Qb4 Rc8 28.Ra3 Rc6 29.Bg3 Rc8
30.Be1 Qd8 31.Bc3 Qg5 32.Kf2 Qh4+ 33.Kf1 Qg5 34.Be1 Qd8 35.Bg3 Qd7 36.Qd6 Qe8
37.Qb4 Qd7 38.Be1 Qd8 39.Ra1 Qg5 40.Qc3 Qe7 41.e4 Qg5 42.Rd1 Rd8 43.Bf2 Qf4
44.Qb4 Rd7 45.Qc5 Qb8 46.d5 Qe5 47.d6 Qc3 48.Bb1 Qb3 49.Re1 c3 50.Bd4 b4
51.e5 g6 52.Be4 Bxe4 53.fxe4 Qa4 54.Re2 a5 55.Kf2 Kg7 56.Qc8 Qb5 57.Re3 a4
58.Rf3 a3 59.Qe8 a2 60.Qa8 Qc4 61.Bb6 c2 62.Bd8 Qd4+ 63.Ke2 Qc4+ 64.Rd3 c1=Q  0-1

[Event "Bundesliga 2007-8"]
[Site "Katernberg GER"]
[Date "2007.11.24"]
[Round "3"]
[White "Potkin,V"]
[Black "Meister,J"]
[Result "1-0"]
[WhiteElo "2612"]
[BlackElo "1714"]

1.d4 d5 2.c4 e6 3.Nc3 Nf6 4.Nf3 Be7 5.Bf4 dxc4 6.e3 Nd5 7.Bxc4 Nxf4 8.exf4 O-O
9.O-O c5 10.dxc5 Qxd1 11.Rfxd1 Bxc5 12.Ne5 Be7 13.Rac1 Nc6 14.Ne4 Nxe5 15.fxe5 b6
16.Bb3 a5 17.Nd6 Bg5 18.Rc7 a4 19.Bc4 Ba6 20.Bxa6 Rxa6 21.g3 b5 22.h4 Bd8
23.Rb7 Rb6 24.Rxb6 Bxb6 25.Nxb5 Rc8 26.Rd6 Bc5 27.Ra6 h6 28.Nd6 Rb8 29.Rxa4 Rxb2
30.Ne4 Bb6 31.Kf1 Kf8 32.Ra8+ Ke7 33.Rb8 Bd4 34.Rxb2 Bxb2 35.f4 Ba3 36.h5 f6
37.exf6+ gxf6 38.Ke2 f5 39.Nd2 Bb4 40.Nc4 Kd7 41.Ne5+ Ke8 42.g4 fxg4 43.Nxg4 Bf8
44.Kd3 Kd7 45.Ke4 Kd6 46.f5 exf5+ 47.Kxf5 Kc5 48.Kg6 Kb4 49.Nxh6 Bd6 50.Nf7 Bf8
51.Ng5  1-0

[Event "KNSB TCh-NED 2007-8"]
[Site "Netherlands NED"]
[Date "2007.11.24"]
[Round "4"]
[White "Wiersma,E"]
[Black "Fridman,R"]
[Result "0-1"]
[WhiteElo "2426"]
[BlackElo "2424"]

1.d4 d5 2.c4 e6 3.Nc3 Nf6 4.Nf3 Be7 5.Bf4 O-O 6.e3 a6 7.Qc2 dxc4 8.Bxc4 b5
9.Bd3 Bb7 10.O-O Bd6 11.Bg5 h6 12.Bh4 Nbd7 13.e4 Be7 14.Rad1 Nh5 15.Bg3 Nxg3
16.hxg3 c5 17.dxc5 Bxc5 18.Nxb5 axb5 19.Bxb5 Qb6 20.Bxd7 Rxa2 21.Rd2 Qb4
22.Re1 Rd8 23.Qc1 Bb6 24.Ne5 Ra5 25.Nd3 Qb3 26.Bc6 Rc8 27.Bxb7 Rxc1 28.Rxc1 Bxf2+
29.Nxf2 Qxb7 30.g4 Qb6 31.Rc3 Ra1+ 32.Kh2 Rb1 33.Rcc2 Qe3 34.Re2 Qf4+ 35.g3 Qf3
36.Red2 Qe3 37.Re2 Qd4 38.Kg2 Qe5 39.Rc8+ Kh7 40.Rcc2 Qb5 41.Kh2 g6 42.Kg2 Kg7
43.Kh2 Ra1 44.Kg2 Ra7 45.Kh2 Rb7 46.Kg2 Qe5 47.Rcd2 Rb3 48.Nd3 Qg5 49.Nf2 h5  0-1

[Event "WYb18"]
[Site "Kemer TUR"]
[Date "2007.11.25"]
[Round "8"]
[White "Vernay,C"]
[Black "Ye,L"]
[Result "1-0"]
[WhiteElo "2396"]
[BlackElo "2214"]

1.d4 d5 2.c4 e6 3.Nc3 Be7 4.Nf3 Nf6 5.Bf4 a6 6.e3 dxc4 7.Bxc4 b5 8.Bd3 Bb7
9.Rc1 Nbd7 10.O-O c5 11.Qe2 O-O 12.Bg3 cxd4 13.Nxd4 Nc5 14.Bc2 b4 15.Na4 Qd5
16.f3 Nxa4 17.Bxa4 Rac8 18.Bb3 Qd7 19.Rcd1 Bd5 20.Qxa6 Ra8 21.Qe2 Bxb3 22.axb3 Qb7
23.Nb5 Bc5 24.Bd6 Rfc8 25.Bxc5 Rxc5 26.Nd6 Qa7 27.Kh1 Qa2 28.Qd3 Qxb2 29.Nc4 Qa2
30.Qd8+ Ne8 31.Qe7 Rc7 32.Qxb4 Nf6 33.e4 Qa7 34.Rd3 Rb8 35.Rfd1 Rcb7 36.Qd2 h6
37.Na5 Rc7 38.h3 Kh7 39.Nc4 Rcb7 40.Qc2 g6 41.Qb2 Nh5 42.g4 Nf4 43.Rd8 f6
44.Qxf6  1-0

[Event "20th Belgrade Trophy"]
[Site "Belgrade SRB"]
[Date "2007.11.26"]
[Round "5"]
[White "Brujic,B"]
[Black "Govedarica,R"]
[Result "1-0"]
[WhiteElo "2227"]
[BlackElo "2388"]

1.d4 Nf6 2.c4 e6 3.Nf3 d5 4.Nc3 Be7 5.Bf4 O-O 6.Rc1 c6 7.e3 Nh5 8.Bg3 Nd7
9.cxd5 exd5 10.Bd3 g6 11.Qb3 Nxg3 12.hxg3 Kg7 13.Ne2 Qa5+ 14.Nd2 Bb4 15.Rd1 Nf6
16.a3 Bd6 17.Qc3 Qc7 18.Rc1 Re8 19.Kf1 Qe7 20.Nf4 Bd7 21.Nf3 Ng4 22.Qd2 f5
23.Bc2 Rf8 24.Nh2 Nf6 25.f3 g5 26.Ne2 h6 27.f4 g4 28.Kf2 Ne4+ 29.Bxe4 dxe4
30.Nc3 b6 31.Nf1 Qf7 32.Ne2 Rac8 33.Qc3 Be7 34.Nd2 Kg6 35.Nc4 Qe6 36.Ne5+ Kh7
37.Qc4 c5 38.Qa6 Rc7 39.Nxd7 Qxd7 40.dxc5 Bxc5 41.b4 Be7 42.Rxc7 Qxc7 43.Qb5 Qd8
44.Nd4 Qc8 45.Qe5 Bf6 46.Qxf5+ Qxf5 47.Nxf5 Kg6 48.Nd6 Bb2 49.Rb1 Bxa3 50.Nxe4 Bxb4
51.Rxb4 Rc8 52.Ke2 Rb8  1-0

[Event "World Cup"]
[Site "Khanty-Mansiysk RUS"]
[Date "2007.11.26"]
[Round "1.4"]
[White "El Gindy,E"]
[Black "Ponomariov,R"]
[Result "1/2-1/2"]
[WhiteElo "2503"]
[BlackElo "2705"]

1.d4 d5 2.c4 e6 3.Nc3 Be7 4.Nf3 Nf6 5.Bf4 O-O 6.e3 Nbd7 7.c5 c6 8.Bd3 b6
9.b4 a5 10.a3 Ba6 11.O-O Qc8 12.Re1 Qb7 13.h3 Bxd3 14.Qxd3 axb4 15.axb4 Rxa1
16.Rxa1 Ra8 17.Qb1 h6 18.Ne1 Bd8 19.Nd3 bxc5 20.Rxa8 Qxa8 21.bxc5 Ne4 22.Nxe4 dxe4
23.Nb2 f5 24.Nc4 Nf6 25.Nd6 Nd5 26.Be5 Bc7 27.Qd1 Kh7 28.Qh5 g6 29.Qh4 Bd8
30.Qg3 Be7 31.Kh2 Qd8 32.Nf7 Qf8 33.Nd6 Qd8 34.Nf7 Qf8 35.Nd6 Qd8 36.Nf7 Qf8  1/2-1/2

[Event "WYg16"]
[Site "Kemer TUR"]
[Date "2007.11.28"]
[Round "11"]
[White "Ivanenko,O1"]
[Black "Repina,V"]
[Result "1-0"]
[WhiteElo "2125"]
[BlackElo "2154"]

1.d4 d5 2.c4 e6 3.Nc3 Be7 4.Nf3 Nf6 5.Bf4 O-O 6.e3 c5 7.cxd5 cxd4 8.Qxd4 Nxd5
9.Nxd5 exd5 10.a3 Nc6 11.Qd2 Bf6 12.Bb5 Qb6 13.Bxc6 bxc6 14.Be5 Bxe5 15.Nxe5 Re8
16.Qc3 c5 17.O-O d4 18.exd4 cxd4 19.Qc6 Qxc6 20.Nxc6 d3 21.Rfd1 Bf5 22.Rd2 Be4
23.Nb4 a5 24.f3 Bxf3 25.Nxd3 Be4 26.Nc5 Bc6 27.Rad1 h5 28.Rd6 Rac8 29.b4 axb4
30.axb4 Re2 31.R1d2 Re1+ 32.Kf2 Rb1 33.R6d4 g6 34.Nd3 Bb5 35.Nc5 Kg7 36.Rd1 Rb2+
37.R1d2 Rb1 38.Rd1 Rxd1 39.Rxd1 Ra8 40.Rd2 Ra1 41.Rb2 h4 42.Ne4 Bc6 43.Nd2 Bb5
44.Nf3 h3 45.gxh3 f5 46.Nd4 Bc4 47.b5 f4 48.b6 Rf1+ 49.Kg2 Rd1 50.b7 Bd5+
51.Kf2 Bxb7 52.Rxb7+ Kf6 53.Rb6+ Ke5 54.Nf3+ Kf5 55.Rb5+ Kf6 56.h4 Ra1 57.Kg2 Ra3
58.Rg5 Rc3 59.Ne5 Rc2+ 60.Kh3 Re2 61.Nf3 Re4 62.Kg4 Ra4 63.Rb5 Kg7 64.Rb6 Re4
65.Rd6 Ra4 66.Rd4  1-0

[Event "Open"]
[Site "Rijeka CRO"]
[Date "2007.11.28"]
[Round "5"]
[White "Sutkovic,D"]
[Black "Levar,N"]
[Result "1/2-1/2"]
[WhiteElo "2318"]
[BlackElo "2181"]

1.d4 Nf6 2.c4 e6 3.Nc3 d5 4.Nf3 Be7 5.Bf4 O-O 6.e3 a6 7.c5 Nh5 8.Bd3 Nxf4
9.exf4 c6 10.h4 f5 11.g3 Nd7 12.O-O Nf6 13.Ne5 Ne4 14.Ne2 Bd7 15.f3 Nf6 16.Kg2 Be8
17.b4 Nd7 18.a4 Nxe5 19.fxe5 g5 20.hxg5 Bxg5 21.Qb3 Kh8 22.b5 Rg8 23.bxa6 bxa6
24.Rh1 Bd2 25.Qb6 Qc8 26.Rad1 Bg5 27.Rb1 Rg7 28.Qa5 Bd8 29.Qd2 a5 30.Rh3 Bg5
31.Qc3 Bg6 32.Rb3 Rb7 33.Rh1 Rxb3 34.Qxb3 Rb8 35.Qc3 Rb4 36.Rb1 Rxa4 37.Bc2 Rc4
38.Qxa5 Bd8 39.Qa7 Rxc2 40.Kf1 Qc7 41.Rb7 Qa5 42.Qb8 Be8 43.Qd6 Qa1+ 44.Kf2 Qxd4+
45.Kg2 Rxe2+ 46.Kh3 Rh2+ 47.Kxh2 Qf2+ 48.Kh3 Qf1+ 49.Kh2 Qe2+ 50.Kh3 Qf1+
51.Kh2 Qf2+  1/2-1/2

[Event "World Cup"]
[Site "Khanty-Mansiysk RUS"]
[Date "2007.12.03"]
[Round "4.1"]
[White "Cheparinov,I"]
[Black "Wang Yue"]
[Result "1/2-1/2"]
[WhiteElo "2670"]
[BlackElo "2703"]

1.d4 d5 2.c4 e6 3.Nc3 Be7 4.Nf3 Nf6 5.Bf4 O-O 6.e3 Nbd7 7.a3 c5 8.cxd5 Nxd5
9.Nxd5 exd5 10.dxc5 Nxc5 11.Be5 Bf6 12.Bxf6 Qxf6 13.Qd4 Qd6 14.Bd3 Nxd3+
15.Qxd3 Qf6 16.Nd4 Qg5 17.g3 Re8 18.O-O Bh3 19.Rfc1 Qe5 20.Rc3 Rac8 21.Rxc8 Rxc8
22.f3 h5 23.Qd2 g6 24.Rc1 Rc4 25.b3 Rxc1+ 26.Qxc1 Qd6 27.Kf2 Qa6 28.Ne2 Be6
29.b4 Qd3 30.h4 Qb3 31.Nd4 Qd3 32.Qc2 Qa6 33.Qc3 Bd7 34.Ne2 Bh3 35.Qc1 Be6
36.Nd4 Qd3 37.Qc2 Qa6 38.a4 Bh3 39.Ne2 Bf5 40.Qb3 Qc6 41.b5 Qc2 42.Qxc2 Bxc2
43.a5 Bd3 44.Nd4 Kf8 45.Ke1 Ke7 46.Kd2 Bf1 47.Kc3 Kd6 48.Kb4 Bh3 49.Nb3 Bg2
50.Nd4 Bh3 51.a6 bxa6 52.bxa6 Bf1 53.Ka5 Bd3 54.Nb3 Bc4 55.Nd4 Bd3 56.Nb3 Bc4
57.Nd4  1/2-1/2

[Event "Parsvnath ch-Commonwealth"]
[Site "New Delhi IND"]
[Date "2007.12.08"]
[Round "8"]
[White "Karavade,E"]
[Black "Hemant,S2"]
[Result "1-0"]
[WhiteElo "2331"]
[BlackElo "2193"]

1.d4 d5 2.c4 e6 3.Nc3 Nf6 4.Nf3 Be7 5.Bf4 O-O 6.e3 c5 7.dxc5 Bxc5 8.cxd5 Nxd5
9.Nxd5 exd5 10.a3 Nc6 11.Bd3 Bd6 12.Qa4 Qc7 13.Bxd6 Qxd6 14.O-O Bd7 15.Qh4 h6
16.Rfd1 Ne5 17.Be2 Be6 18.Qd4 Nc6 19.Qa4 Qe7 20.h3 Rac8 21.Rac1 Rc7 22.Rd2 Rfc8
23.Rcd1 a6 24.Nd4 Ne5 25.Qb3 Nc4 26.Bxc4 dxc4 27.Qc3 Bd7 28.Nf3 Ba4 29.Rc1 Bd7
30.Rd4 Be6 31.Rcd1 Rd7 32.Rxd7 Bxd7 33.Rd4 Be6 34.Nd2 Qc7 35.Ne4 Rd8 36.Qd2 Rxd4
37.Qxd4 Qd7 38.Nd6 Qc6 39.e4 b5 40.f4 f6 41.f5 Bf7 42.Kf2 Kf8 43.Ke3 Ke7
44.Nxf7 Kxf7 45.Qd5+ Qxd5 46.exd5 Ke7 47.Kd4 Kd6 48.a4 bxa4 49.Kxc4 h5 50.h4 Kd7
51.Kc5 Kc7 52.d6+ Kb7 53.Kd5 Kc8 54.Ke6 Kd8 55.d7  1-0

[Event "Festival Internacional de Xadrez"]
[Site "Americana BRA"]
[Date "2007.12.11"]
[Round "9"]
[White "Leitao,R"]
[Black "Fier,A"]
[Result "1/2-1/2"]
[WhiteElo "2601"]
[BlackElo "2516"]

1.Nf3 e6 2.c4 Nf6 3.Nc3 d5 4.d4 Be7 5.Bf4 O-O 6.e3 c5 7.dxc5 Bxc5 8.cxd5 exd5
9.Be2 Nc6 10.O-O a6  1/2-1/2

[Event "Bundesliga 2007-8"]
[Site "Baden Baden GER"]
[Date "2007.12.15"]
[Round "4"]
[White "Flumbort,A"]
[Black "Goloshchapov,A"]
[Result "1/2-1/2"]
[WhiteElo "2499"]
[BlackElo "2563"]

1.d4 Nf6 2.c4 e6 3.Nf3 d5 4.Nc3 Be7 5.Bf4 O-O 6.e3 Nbd7 7.a3 c5 8.cxd5 Nxd5
9.Nxd5 exd5 10.dxc5 Nxc5 11.Be2 Bf6 12.Be5 Bf5 13.Bxf6 Qxf6 14.Nd4 Be4 15.Rc1 Ne6
16.f3 Bg6 17.O-O Rac8 18.Qd2 Nxd4 19.Qxd4 Qxd4 20.exd4 Bc2 21.Kf2 Rc7  1/2-1/2

[Event "7th Amplico AIG Life"]
[Site "Warsaw POL"]
[Date "2007.12.15"]
[Round "1"]
[White "Sumets,A"]
[Black "Kobus,S"]
[Result "1-0"]
[WhiteElo "2529"]
[BlackElo "1817"]

1.d4 d5 2.c4 e6 3.Nf3 Nf6 4.Nc3 Be7 5.Bf4 O-O 6.e3 Nbd7 7.c5 Nh5 8.Bd3 Nxf4
9.exf4 Bf6 10.Ne5 Bxe5 11.fxe5 f5 12.O-O b6 13.b4 c6 14.Qa4 b5 15.Qb3 Bb7
16.a4 a6 17.Qc2 Qh4 18.f4 h6 19.Rf3 g5 20.Rh3 Qxf4 21.Ne2 Qg4 22.Rxh6 Nxe5
23.dxe5 Kg7 24.Rxe6 Bc8 25.Re7+ Kg6 26.Rf1 Qxb4 27.Ng3 Qd4+ 28.Kh1 Qxa4 29.Qe2 Qh4
30.e6 Rh8 31.Bxf5+ Kf6 32.Rf7+  1-0

[Event "7th Amplico AIG Life"]
[Site "Warsaw POL"]
[Date "2007.12.15"]
[Round "1"]
[White "Dziuba,M"]
[Black "Budzinski,J"]
[Result "1-0"]
[WhiteElo "2538"]
[BlackElo "1823"]

1.d4 d5 2.c4 e6 3.Nc3 Nf6 4.Nf3 Be7 5.Bf4 O-O 6.e3 Nh5 7.Be5 f6 8.Bg3 Nxg3
9.hxg3 b6 10.Qc2 f5 11.cxd5 exd5 12.Nxd5 c6 13.Nf4 Bb4+ 14.Kd1 Bd6 15.Bc4+ Rf7
16.Qb3 Qe7 17.Ng6 Qf6 18.Ng5  1-0

[Event "7th Amplico AIG Life"]
[Site "Warsaw POL"]
[Date "2007.12.15"]
[Round "3"]
[White "Sumets,A"]
[Black "Markiewicz,Ja"]
[Result "0-1"]
[WhiteElo "2529"]
[BlackElo "2294"]

1.d4 d5 2.c4 e6 3.Nf3 Nf6 4.Nc3 Be7 5.Bf4 O-O 6.e3 b6 7.Rc1 c5 8.cxd5 exd5
9.Bd3 Bg4 10.h3 Bh5 11.g4 Bg6 12.Bxg6 fxg6 13.dxc5 Bxc5 14.g5 Nh5 15.Qxd5+ Qxd5
16.Nxd5 Nc6 17.O-O Rad8 18.Rfd1 Rf5 19.Rxc5 bxc5 20.Ne7+ Kf7 21.Rxd8 Kxe7
22.Rc8 Nxf4 23.exf4 Kd6 24.Kg2 Rxf4 25.Rh8 Nd4 26.Nd2 Rh4 27.Ra8 Rh5 28.Ne4+ Kd5
29.f3 Ne6 30.Rxa7 Nxg5 31.Rd7+ Kc4 32.b3+ Kb5 33.a4+ Kc6 34.Rd6+ Kc7 35.Rd5 Ne6
36.Rxh5 gxh5 37.Kg3 Kb6 38.Kh4 Nd4 39.Nd2 g6 40.Kg5 Nf5 41.Nc4+ Kc6 42.Kf6 h4
43.Ke5 Nd4 44.Nd2 Ne2 45.Ne4 Ng1 46.Kf4 Nxh3+ 47.Kg4 Ng1 48.a5 h3 49.Kg3 h2
50.Kxh2 Nxf3+ 51.Kg3 Nd4 52.Ng5 Nxb3 53.Nxh7 c4 54.Nf8 c3 55.Nxg6 c2 56.Ne5+ Kd5
57.Nd3 Kd4 58.Nf4 Ke3 59.Nd5+ Ke4 60.Nc3+ Kd4 61.Na2 Nxa5 62.Kf2 Nb3 63.Ke1 Kc4
64.Nc1 Kc3 65.Ne2+ Kd3 66.Kf2 Kd2 67.Kf3 Kd3 68.Kf2 Nd4 69.Nc1+ Kd2 70.Na2 Nb5
71.Kf3 Nc3 72.Nxc3 Kxc3  0-1

[Event "7th Amplico AIG Life"]
[Site "Warsaw POL"]
[Date "2007.12.15"]
[Round "3"]
[White "Kempinski,R"]
[Black "Leniart,A"]
[Result "1/2-1/2"]
[WhiteElo "2596"]
[BlackElo "2329"]

1.d4 Nf6 2.c4 e6 3.Nf3 d5 4.Nc3 Be7 5.Bf4 O-O 6.e3 c5 7.dxc5 Bxc5 8.cxd5 Nxd5
9.Nxd5 exd5 10.a3 Nc6 11.Bd3 Bb6 12.O-O d4 13.e4 Bg4 14.h3 Bh5 15.Rc1 f6
16.Bc4+ Bf7 17.Bxf7+ Rxf7 18.b4 Re7 19.b5 Na5 20.Qd3 Qe8 21.Rfe1 Qf7 22.Bd6 Rd7
23.e5 Qg6 24.Qe2 fxe5 25.Qa2+ Qf7 26.Qxf7+ Rxf7 27.Nxe5 Rf6 28.Bb4 Nb3 29.Rcd1 Re6
30.Nd3 Rxe1+ 31.Rxe1 Rc8 32.Re7 Nc5 33.Bxc5 Bxc5 34.Rxb7 Bxa3 35.Rxa7 Rc3
36.Ne5 h6 37.Rd7 Rb3 38.Rd5 Bc1 39.g3 Bg5 40.Nc4 d3 41.Kg2 Rb4 42.Nd6 d2
43.f4 Be7 44.Nf5 Bf6 45.Ne3 Bd4 46.Nd1 Rb1 47.Rxd4 Rxd1 48.f5 Rb1 49.Rxd2 Rxb5
50.g4 Rb3 51.Rf2 Rc3 52.Rf3 Rc2+ 53.Kg3 Rc4 54.Re3 Ra4 55.Kf3 Rb4 56.Kg3 Kf7
57.Rc3 Ra4 58.Rc7+ Kf6 59.Rc6+ Kf7 60.Rc3 Kf6 61.Kh4 Ra5 62.Kh5 Ra6 63.Rc7 Ra3
64.h4 Rh3 65.Rc6+ Kf7 66.Rc7+ Kf6 67.Rc6+ Kf7 68.Ra6 Rh1 69.Rg6 Rh2 70.Ra6 Rh1
71.f6 gxf6 72.Ra7+ Ke6 73.Rh7 Rg1 74.Rxh6 Kf7 75.Rh7+ Kg8 76.Rc7 Rg2 77.Rc5 Kg7
78.Rc4 Rg1 79.Rc7+ Kg8 80.g5 fxg5 81.hxg5 Ra1 82.Kh6 Ra6+ 83.g6 Ra8  1/2-1/2

[Event "7th Amplico AIG Life"]
[Site "Warsaw POL"]
[Date "2007.12.16"]
[Round "12"]
[White "Kempinski,R"]
[Black "Kalvaitis,S"]
[Result "0-1"]
[WhiteElo "2596"]
[BlackElo "2245"]

1.d4 e6 2.c4 Nf6 3.Nf3 d5 4.Nc3 Be7 5.Bf4 O-O 6.e3 Nbd7 7.cxd5 exd5 8.h3 Re8
9.Bd3 c6 10.O-O Nf8 11.Qc2 Ng6 12.Bg3 Bd6 13.Bxd6 Qxd6 14.Rab1 a5 15.a3 Bd7
16.Na4 Ne4 17.Bxe4 dxe4 18.Nd2 Nh4 19.Nxe4 Qg6 20.f3 Bxh3 21.Rf2 f5 22.Nec3 Rxe3
23.Kh1 Bxg2+ 24.Rxg2 Nxg2 25.Qxg2 Qh5+ 26.Kg1 Re6 27.Kf2 Qh4+ 28.Kf1 Rae8
29.Qc2 Qh1+  0-1

[Event "VI Memorial Pereyra"]
[Site "Mendoza ARG"]
[Date "2007.12.17"]
[Round "4"]
[White "Orsini,A"]
[Black "Ferragud,L"]
[Result "1-0"]
[WhiteElo "2363"]
[BlackElo "2157"]

1.d4 Nf6 2.c4 e6 3.Nf3 d5 4.Nc3 Be7 5.Bf4 c6 6.e3 Nbd7 7.c5 Nf8 8.Bd3 Ng6
9.h4 b6 10.b4 bxc5 11.bxc5 Qa5 12.Qd2 Ba6 13.Nxd5 Qxd2+ 14.Kxd2 Nxd5 15.Bxa6 Ngxf4
16.exf4 O-O 17.g3 Rab8 18.Rab1 Rfd8 19.Bc4 Nf6 20.Bd3 Nd5 21.Ne5 Nb4 22.Rxb4 Rxb4
23.Nxc6 Rbxd4 24.Nxd4 Rxd4 25.Rc1 Rd7 26.c6 Rc7 27.Ba6 Kf8 28.Kd3 Bd6 29.Bb7 Bb4
30.Kc4 Ba5 31.Rb1 Ke7 32.h5 h6 33.g4 Bd2 34.Rb3 Bxf4 35.Ra3 Bh2 36.Kd4 f5
37.gxf5 exf5 38.Rxa7 Kd6 39.Ra5 Rf7 40.a4 Kc7 41.Rd5 Kb8 42.Rd8+ Kc7 43.Rd5 Kb8
44.Rd8+ Kc7 45.Re8 Kb6 46.Kd5 Bg1 47.Ra8 Bxf2 48.a5+ Kb5 49.Ke6 Rf6+ 50.Kd7 Bg3
51.a6 Kb6 52.Rg8 Rf7+ 53.Ke6 Rf6+ 54.Kd7 f4 55.Rxg7 f3 56.Rxg3 f2 57.Rb3+ Ka7
58.Rb1 f1=Q 59.Rxf1 Rxf1 60.Kd6 Rd1+ 61.Ke6 Kb6 62.Ke7 Re1+ 63.Kd8 Rg1 64.Ke8 Rg5
65.Kd7 Rxh5 66.a7 Kxa7 67.c7 Kxb7 68.c8=Q+ Ka7 69.Kc6  1-0

[Event "Open A"]
[Site "Zadar CRO"]
[Date "2007.12.17"]
[Round "2"]
[White "Saric,A"]
[Black "Mihalj,M"]
[Result "1/2-1/2"]
[WhiteElo "2441"]
[BlackElo "2323"]

1.c4 Nf6 2.Nc3 e6 3.Nf3 d5 4.d4 Be7 5.Bf4 O-O 6.e3 c5 7.dxc5 Qa5 8.a3 dxc4
9.Bxc4 Qxc5 10.Qe2 a6 11.b4 Qh5 12.h3 b5 13.Bd3 Bb7 14.e4 Nbd7 15.Rh2 Rac8
16.Rc1 Rfd8 17.g4 Nxg4 18.hxg4 Qxg4 19.Bg3 Bf6 20.Na2 g6 21.Rxc8 Rxc8 22.Nd2 Qg5
23.Kf1 Ne5 24.Nf3 Nxf3 25.Qxf3 Be5 26.Bxe5  1/2-1/2

[Event "XX Carlos Torre Magistral"]
[Site "Merida MEX"]
[Date "2007.12.18"]
[Round "5"]
[White "Tregubov,P"]
[Black "Gonzalez Garcia,J2"]
[Result "1/2-1/2"]
[WhiteElo "2609"]
[BlackElo "2541"]

1.d4 Nf6 2.c4 e6 3.Nf3 d5 4.Nc3 Be7 5.Bf4 O-O 6.e3 Nbd7 7.cxd5 Nxd5 8.Nxd5 exd5
9.Be2 Bb4+ 10.Nd2 Nf6 11.O-O Bd6 12.Bg5 c6 13.Qc2 h6 14.Bh4 g6 15.f3 Bf5
16.e4 g5 17.Bf2 Bg6 18.Bd3 dxe4 19.fxe4 Ng4 20.Nf3 Nxf2 21.Rxf2 Bf4 22.Kh1 Be3
23.Re2 Bxd4 24.e5 Bxd3 25.Qxd3 c5 26.e6 Bg7 27.Qc4  1/2-1/2

[Event "XX Carlos Torre Wimbledon"]
[Site "Merida MEX"]
[Date "2007.12.19"]
[Round "1.1"]
[White "Hernandez Carmenates,Hold"]
[Black "Graf,A"]
[Result "0-1"]
[WhiteElo "2566"]
[BlackElo "2574"]

1.Nf3 d5 2.d4 Nf6 3.c4 e6 4.Nc3 Be7 5.Bf4 O-O 6.e3 c5 7.dxc5 Bxc5 8.cxd5 Nxd5
9.Nxd5 exd5 10.a3 Nc6 11.Bd3 Bb6 12.O-O d4 13.e4 Qf6 14.Bg3 Bg4 15.h3 Bh5
16.Bh2 Bxf3 17.Qxf3 Qxf3 18.gxf3 Rad8 19.f4 g6 20.Kh1 Rfe8 21.h4 Nb8 22.h5 Nd7
23.hxg6 hxg6 24.f3 Nc5 25.Bc4 Kg7 26.Rad1 Rh8 27.Kg2 Rh5 28.Bg1 Ne6 29.Bxe6 fxe6
30.Rd2 g5 31.Rfd1 gxf4 32.Bxd4+ Bxd4 33.Rxd4 Rg5+ 34.Kf1 Rh8 35.R4d2 Kf6
36.Rf2 Rh1+ 37.Ke2 Rxd1 38.Kxd1 Ke5 39.Rd2 Rg3 40.Ke2 Rg2+ 41.Kd3 Rxd2+ 42.Kxd2 Kd4
43.Ke2 Kc4 44.Kd2 Kb3 45.Kc1 a5 46.Kb1 b6 47.Kc1 b5 48.Kb1 b4 49.axb4 axb4
50.e5 Kc4 51.Kc2 b3+ 52.Kd2 Kd4 53.Ke2 Kxe5 54.Kd3 Kd5 55.Kc3 e5 56.Kxb3 e4
57.fxe4+ Kxe4 58.Kc2 Ke3 59.Kd1 Kf2  0-1

[Event "3rd ch-BIH"]
[Site "Sarajevo BIH"]
[Date "2007.12.26"]
[Round "9"]
[White "Bogut,Z"]
[Black "Dumpor,A"]
[Result "1/2-1/2"]
[WhiteElo "2458"]
[BlackElo "2399"]

1.d4 Nf6 2.Nf3 d5 3.c4 e6 4.Nc3 Be7 5.Bf4 O-O 6.e3 c5 7.dxc5 Bxc5 8.cxd5 exd5
9.Bd3 Nc6 10.O-O a6 11.Rc1 h6 12.Bb1 Bd6 13.Nxd5 Nxd5 14.Qxd5 Bxf4 15.Qxd8 Bxh2+
16.Kxh2 Rxd8 17.Be4 Bd7 18.Rc5 Kf8 19.Rfc1 Be8 20.Bxc6 Bxc6 21.Nd4 Bd5 22.Rc7 a5
23.a3 a4 24.R1c5 Ra6 25.Rb5 g6 26.f3 Rdd6 27.Rb4 Rab6 28.Kg3 Ke8 29.Rc5 Rxb4
30.axb4 b6 31.Rc7 Rd7 32.Rc8+ Rd8 33.Rc7 Rd7 34.Rc8+ Rd8 35.Rc1 Ke7 36.Ra1 Ra8
37.e4 Bc4 38.Kf4 b5 39.Ke3 Kf6 40.Rc1 a3 41.b3 a2 42.Ra1 Ra3 43.Kd2 Bxb3
44.Nxb5 Ra8 45.Kc3 Be6 46.Nd4 Rc8+ 47.Kb2 Bc4 48.Rc1 Ke5 49.Nb3 Kf4 50.Nc5 Ra8
51.Ka1 Bb5 52.Rc2 Kg3 53.e5 Re8 54.Ne4+ Kf4 55.Rc5 Bf1 56.Nd6 Re7 57.Rc2 Kxe5
58.Rd2 Rd7 59.Nc4+ Ke6 60.Rxd7 Kxd7 61.Ne3 Bd3 62.Kxa2 f5 63.Kb2 f4 64.Kc3 Be2
65.Kd2 Bb5 66.Ng4 Bf1 67.Nxh6 Bxg2 68.Ng4 Ke6 69.Ke2 Bh3 70.Nf2 Bf5 71.Kd2 Kd5
72.Kc3 g5 73.b5 Kc5 74.b6 Kxb6 75.Kd4 Bc8 76.Ke5 Ba6 77.Nh3 Be2 78.Nxg5 Bxf3
79.Nxf3 Kc5 80.Kxf4  1/2-1/2

[Event "37th Rilton Cup"]
[Site "Stockholm SWE"]
[Date "2008.01.02"]
[Round "6"]
[White "Hansen,LB"]
[Black "Akesson,R"]
[Result "1/2-1/2"]
[WhiteElo "2572"]
[BlackElo "2468"]

1.d4 Nf6 2.c4 e6 3.Nf3 d5 4.Nc3 Be7 5.Bf4 O-O 6.e3 Nbd7 7.c5 Nh5 8.Be5 f6
9.Bg3 c6 10.Bd3 f5 11.Be5 b6 12.b4 a5 13.a3 Nhf6 14.Ne2 bxc5 15.Bxf6 Bxf6
16.bxc5 e5 17.dxe5 Nxe5 18.Nxe5 Bxe5 19.Rb1 Qh4 20.Qc2 Rb8 21.Rxb8 Bxb8 22.h3 Qh6
23.O-O g5 24.Nd4 f4 25.Bf5 Bxf5 26.Nxf5 Qf6 27.g4 Qe5 28.Rb1 f3 29.Nh6+ Kg7
30.Nf5+ Kg8 31.Nh6+ Kg7 32.Nf5+ Kg8 33.Nh6+  1/2-1/2

[Event "Premier"]
[Site "Hastings ENG"]
[Date "2008.01.03"]
[Round "7"]
[White "Islam,Kh"]
[Black "Fruteau,S"]
[Result "1-0"]
[WhiteElo "2390"]
[BlackElo "2169"]

1.d4 Nf6 2.Nf3 d5 3.c4 e6 4.Nc3 Be7 5.Bf4 c6 6.e3 O-O 7.Qc2 Nbd7 8.h3 Re8
9.a3 Nf8 10.c5 Ng6 11.Bd3 Nxf4 12.exf4 b6 13.b4 bxc5 14.bxc5 Qa5 15.O-O Ba6
16.Ne5 Bxd3 17.Qxd3 Rec8 18.Na2 Ne4 19.Nb4 Qa4 20.Qa6 Qxa6 21.Nxa6 f6 22.Nf3 Bd8
23.Rfc1 Ba5 24.Rc2 Nc3 25.a4 Ne4 26.Rb1 Re8 27.Rb7 Kf8 28.Rcb2 Re7 29.Rxe7 Kxe7
30.Rb7+ Kf8 31.Nb8 Nd2 32.Nxd2 Bxd2 33.Nxc6 a5 34.Na7 Bxf4 35.c6 Bb8 36.Rxb8+  1-0

[Event "5th TCh-Asia w"]
[Site "Visakhpatnam IND"]
[Date "2008.01.06"]
[Round "4"]
[White "Shen Yang"]
[Black "Khamrakulova,I"]
[Result "1-0"]
[WhiteElo "2429"]
[BlackElo "2193"]

1.d4 Nf6 2.c4 e6 3.Nf3 d5 4.Nc3 Be7 5.Bf4 O-O 6.e3 c5 7.dxc5 dxc4 8.Bxc4 Bxc5
9.O-O a6 10.Rc1 Nc6 11.Bd3 Be7 12.e4 Nh5 13.Be3 f5 14.exf5 exf5 15.Nd5 Kh8
16.Nxe7 Nxe7 17.Re1 Ng8 18.Ne5 g6 19.Qb3 Ng7 20.Bc4 f4 21.Bb6 Qf6 22.Bxg8 Nf5
23.Bd5 a5 24.Rc7 Re8 25.Nf7+ Qxf7 26.Qc3+  1-0

[Event "4NCL 2007-8"]
[Site "Wokefield Park ENG"]
[Date "2008.01.13"]
[Round "6"]
[White "Richardson,Joh"]
[Black "Nixon,T"]
[Result "1-0"]
[WhiteElo "2310"]
[BlackElo "2202"]

1.d4 d5 2.Nf3 Nf6 3.c4 e6 4.Nc3 Be7 5.Bf4 c6 6.e3 Nbd7 7.Qc2 a6 8.c5 b6 9.b4 Bb7
10.Rb1 O-O 11.Bd3 Ra7 12.O-O a5 13.cxb6 Nxb6 14.bxa5 Nbd7 15.e4 dxe4 16.Nxe4 Qxa5
17.Ne5 Nxe5 18.Nxf6+ Bxf6 19.dxe5 Bxe5 20.Be3 c5 21.Qxc5 Bb8 22.Qxa5  1-0

[Event "115th ch-NZL"]
[Site "Auckland NZL"]
[Date "2008.01.15"]
[Round "1"]
[White "Thornton,G"]
[Black "Watson,B"]
[Result "0-1"]
[WhiteElo "2095"]
[BlackElo "2293"]

1.d4 Nf6 2.c4 e6 3.Nc3 d5 4.Nf3 Be7 5.Bf4 O-O 6.e3 c5 7.Bd3 Nc6 8.O-O cxd4
9.exd4 Nb4 10.Be2 dxc4 11.Bxc4 b6 12.Qe2 Bb7 13.Rad1 Rc8 14.Ne5 Nbd5 15.Nxd5 Nxd5
16.Bc1 Rc7 17.Bd3 Nb4 18.Bc4 Bd5 19.b3 Bb7 20.f4 Nd5 21.Bb2 g6 22.g4 a6 23.f5 Bg5
24.Rf3 exf5 25.gxf5 b5 26.fxg6 hxg6 27.Bxd5 Qxd5 28.h4 Bf6 29.Rh3 Rfc8 30.Ng4 Bg7
31.Ne3 Qe4 32.Rd2 Re8 33.Qd3 Bh6 34.Qxe4 Rxe4 35.Rd3 Rce7 36.Bc1 Bc8 37.Rg3 Rxh4
38.d5 Rhe4 39.d6 Bxe3+ 40.Rgxe3 R7e6 41.Rxe4 Rxe4 42.Kf2 Bd7 43.Bg5 f6 44.Bd2 Kf7
45.Ba5 Ke6 46.Bd8 Rf4+ 47.Kg3 g5 48.Be7 b4 49.Rf3 Rxf3+ 50.Kxf3 Kf5 51.Kg3 Kg6
52.Bd8 f5 53.Ba5 f4+ 54.Kf3 Kf5 55.Bxb4 g4+ 56.Kf2 g3+ 57.Kg1 f3 58.Be1 Kg4
59.a4 Kh3 60.Kf1 Kh2  0-1

[Event "6th Parsvnath Open"]
[Site "New Delhi IND"]
[Date "2008.01.16"]
[Round "6"]
[White "Sriram,J"]
[Black "Grover,S"]
[Result "1-0"]
[WhiteElo "2457"]
[BlackElo "2242"]

1.d4 d5 2.c4 e6 3.Nc3 Be7 4.Nf3 Nf6 5.Bf4 O-O 6.e3 c5 7.dxc5 Bxc5 8.a3 Nc6
9.b4 Bd6 10.Bg5 Ne5 11.cxd5 Nxf3+ 12.gxf3 Be5 13.Rc1 exd5 14.f4 Bxc3+ 15.Rxc3 Qb6
16.Bxf6 Qxf6 17.Qd4 Qg6 18.f3 Be6 19.Kf2 Qh5 20.h4 Rac8 21.Rxc8 Rxc8 22.Bd3 b6
23.f5 Bxf5 24.Rg1  1-0

[Event "6th Parsvnath Open"]
[Site "New Delhi IND"]
[Date "2008.01.17"]
[Round "7"]
[White "Gupta,Ab"]
[Black "Amanov,Z"]
[Result "1-0"]
[WhiteElo "2495"]
[BlackElo "2366"]

1.d4 d5 2.c4 e6 3.Nc3 Be7 4.Nf3 Nf6 5.Bf4 O-O 6.e3 Nbd7 7.a3 c5 8.cxd5 Nxd5
9.Nxd5 exd5 10.dxc5 Nxc5 11.Be5 Bf5 12.Be2 Be4 13.O-O Qb6 14.b4 Nd7 15.Bg3 Bf6
16.Rc1 Rfc8 17.Qd2 Nf8 18.Ne5 Re8 19.Ng4 Bg5 20.h4 Be7 21.f3 Bg6 22.Rfd1 h5
23.Nh2 a5 24.Nf1 axb4 25.axb4 Bxb4 26.Qxd5 Re7 27.Qb5 Qxb5 28.Bxb5 Rc7 29.Bxc7 Rc8
30.Bb6 Be7 31.g3 Rc2 32.Rd2 Rxc1 33.Bd4 Ne6 34.Bb2 Rb1 35.Bc4 Bb4 36.Re2 Nc5
37.e4 Na4 38.Be5 Kf8 39.Bd3 Rb3 40.Bc2 Ra3 41.Kg2 f6 42.Bd4 Bc5 43.Rd2 Bxd4
44.Rxd4 Nc5 45.Kf2 Bf7 46.Ne3 Ra1 47.Ke2 Be6 48.f4 Ra3 49.Rb4 Bd7 50.Kd2 Bc6
51.e5 fxe5 52.fxe5 Ke7 53.Rd4 Nd7 54.Bg6 Nxe5 55.Nf5+  1-0